[Event "Lichtenberger Sommer 2024"]
[Site "Berlin"]
[Date "2024.08.11"]
[Round "2.78"]
[White "Bashirova, Sona"]
[Black "Shevlyakov, Aleksandr"]
[Result "0-1"]
[WhiteElo "1652"]
[BlackElo "1824"]
[PlyCount "48"]
[EventDate "2024.08.10"]
[WhiteTeam "SV Empor Berlin e.V."]

1. e4 c5 2. c3 d5 3. exd5 Qxd5 4. Nf3 Bg4 5. Be2 e5 6. Na3 a6 7. Nc2 Bxf3 8.
Bxf3 e4 9. Ne3 Qc6 10. Be2 Nd7 11. d3 Ngf6 12. dxe4 Nxe4 13. Bf3 Ne5 14. Be2
Rd8 15. Qc2 c4 16. O-O b5 17. f4 Nd3 18. Bf3 Bc5 19. Kh1 O-O 20. a4 f5 21. axb5
axb5 22. Bxe4 Qxe4 23. Nd1 Nf2+ 24. Rxf2 Qxc2 0-1

[Event "Lichtenberger Sommer 2024"]
[Site "Berlin"]
[Date "2024.08.11"]
[Round "2.79"]
[White "Schmitz, Christopher"]
[Black "Aisch, Julian"]
[Result "0-1"]
[WhiteElo "1817"]
[BlackElo "1622"]
[PlyCount "52"]
[EventDate "2024.08.10"]
[WhiteTeam "TSG Oberschöneweide e.V."]
[BlackTeam "SF Nordost Berlin"]

1. e4 c6 2. d4 d5 3. f3 e6 4. Nc3 Be7 5. e5 b5 6. Bd3 Qb6 7. Nge2 Ba6 8. O-O c5
9. dxc5 Bxc5+ 10. Kh1 Nc6 11. f4 Nge7 12. Ng3 Rc8 13. Nh5 Kf8 14. Qg4 g6 15.
Nf6 Qb7 16. f5 h5 17. Qg5 Kg7 18. fxg6 fxg6 19. Bxg6 Nxg6 20. Nxh5+ Rxh5 21.
Qxh5 Rh8 22. Qg5 Be7 23. Qg4 b4 24. Ne2 Ncxe5 25. Qxe6 Bxe2 26. Re1 Bg4 0-1

[Event "Lichtenberger Sommer 2024"]
[Site "Berlin"]
[Date "2024.08.11"]
[Round "2.80"]
[White "Majewski, Nico"]
[Black "Berndt, Ronson"]
[Result "1-0"]
[WhiteElo "1623"]
[BlackElo "1813"]
[PlyCount "87"]
[EventDate "2024.08.10"]
[WhiteTeam "ESV Lok Falkenberg e.V."]
[BlackTeam "SC Borussia Lichtenberg"]

1. Nf3 Nf6 2. g3 e6 3. c4 d5 4. d4 c6 5. a4 h6 6. Bg2 Bb4+ 7. Bd2 Bxd2+ 8.
Nbxd2 O-O 9. O-O Nbd7 10. Qc2 Re8 11. b4 b6 12. Rfb1 Bb7 13. c5 b5 14. axb5
cxb5 15. Rb2 Bc6 16. Rba2 Qc7 17. Nb3 Nb8 18. Ne5 Nfd7 19. Nxc6 Nxc6 20. Qd2
Ndb8 21. e4 Rd8 22. exd5 exd5 23. Bf1 Qb7 24. Na5 Nxa5 25. Rxa5 a6 26. Bxb5 Nc6
27. Bxc6 Qxc6 28. Qd3 Qb7 29. R1a4 Rdb8 30. Kg2 Ra7 31. b5 Qd7 32. b6 Rab7 33.
Rxa6 g6 34. Ra7 Kg7 35. Qe3 Kh7 36. Qe5 Qc6 37. Rxb7 Rxb7 38. Ra8 f6 39. Qe8
Qxe8 40. Rxe8 Kg7 41. Ra8 Kf7 42. Ra7 Re7 43. Rxe7+ Kxe7 44. b7 1-0

[Event "Lichtenberger Sommer 2024"]
[Site "Berlin"]
[Date "2024.08.11"]
[Round "2.81"]
[White "Bastian, Reinhard"]
[Black "Goldmann, Nils"]
[Result "1/2-1/2"]
[WhiteElo "1803"]
[BlackElo "1611"]
[PlyCount "66"]
[EventDate "2024.08.10"]
[WhiteTeam "vereinslos"]
[BlackTeam "vereinslos"]

1. e4 e6 2. d4 d5 3. e5 c5 4. c3 Nc6 5. Nf3 Qb6 6. a3 Bd7 7. b4 cxd4 8. cxd4
Nge7 9. Nc3 Nf5 10. Na4 Qd8 11. Nc5 Bxc5 12. bxc5 b6 13. cxb6 Qxb6 14. Be3 Nxe3
15. fxe3 Rb8 16. Bd3 Qb3 17. O-O O-O 18. Qd2 Qb2 19. Rfb1 Qxd2 20. Nxd2 Rxb1+
21. Rxb1 Rb8 22. Nb3 Ne7 23. Nc5 Rxb1+ 24. Bxb1 Bb5 25. Kf2 Kf8 26. Bd3 Bxd3
27. Nxd3 Ke8 28. Nc5 Nc8 29. Ke2 Kd8 30. Kd3 Kc7 31. e4 dxe4+ 32. Nxe4 h6 33.
Kc4 Kc6 1/2-1/2

[Event "Lichtenberger Sommer 2024"]
[Site "Berlin"]
[Date "2024.08.11"]
[Round "2.82"]
[White "Ahmadov, Ahmad"]
[Black "Rauscher, Joachim"]
[Result "1/2-1/2"]
[WhiteElo "1620"]
[BlackElo "1803"]
[PlyCount "67"]
[EventDate "2024.08.10"]
[WhiteTeam "SV Empor Berlin e.V."]
[BlackTeam "SC Brett vorm Kopp Ffm"]

1. e4 c5 2. Nc3 Nc6 3. Bb5 Nd4 4. Nf3 Nxb5 5. Nxb5 a6 6. Nc3 e6 7. d4 cxd4 8.
Nxd4 Bb4 9. O-O Bxc3 10. bxc3 Ne7 11. f4 O-O 12. f5 exf5 13. exf5 f6 14. Ba3
Re8 15. Re1 Nc6 16. Qh5 Rxe1+ 17. Rxe1 Ne5 18. Bd6 b5 19. Bxe5 fxe5 20. Rxe5
Bb7 21. g4 h6 22. f6 Qxf6 23. Re8+ Kh7 24. Re5 Qf4 25. Qf5+ Qxf5 26. Nxf5 Rc8
27. Re7 Rxc3 28. Rxg7+ Kh8 29. Rxd7 Be4 30. Rd6 Rxc2 31. Rxh6+ Kg8 32. Rxa6
Rg2+ 33. Kf1 Rxh2 34. a4 1/2-1/2

[Event "Lichtenberger Sommer 2024"]
[Site "Berlin"]
[Date "2024.08.11"]
[Round "2.83"]
[White "Ollhoff, Hannes"]
[Black "Müller, Leon"]
[Result "1-0"]
[WhiteElo "1802"]
[BlackElo "1550"]
[PlyCount "79"]
[EventDate "2024.08.10"]
[WhiteTeam "TSG Oberschöneweide e.V."]
[BlackTeam "SV Mattnetz Berlin e.V."]

1. d4 d6 2. Nf3 g6 3. c4 Nf6 4. Nc3 Bg7 5. Bg5 O-O 6. Qc2 c5 7. e3 Qc7 8. Be2
a6 9. O-O Nc6 10. a3 cxd4 11. exd4 Bf5 12. Qd2 Ne4 13. Nxe4 Bxe4 14. Be3 Na5
15. Qc3 b6 16. b4 Nb7 17. Rac1 Rfc8 18. Qd2 a5 19. b5 Qd7 20. Rfd1 Rc7 21. Ng5
Bf5 22. Qa2 h6 23. c5 hxg5 24. c6 Qc8 25. cxb7 Qxb7 26. Rxc7 Qxc7 27. Rc1 Qd8
28. Bc4 Qe8 29. Bd5 Rb8 30. Re1 Rc8 31. Bc6 Bd7 32. Bxg5 Bxc6 33. Rxe7 Qf8 34.
bxc6 Rxc6 35. g3 Bxd4 36. Qd5 Rc1+ 37. Kg2 Rd1 38. Re4 Qg7 39. Qa8+ Qf8 40. Re8
1-0

[Event "Lichtenberger Sommer 2024"]
[Site "Berlin"]
[Date "2024.08.11"]
[Round "2.84"]
[White "Liu, Peilin"]
[Black "Mayer, Herbert"]
[Result "0-1"]
[WhiteElo "1608"]
[BlackElo "1802"]
[PlyCount "104"]
[EventDate "2024.08.10"]
[WhiteTeam "SVG Saarbrücken 1970 e.V."]
[BlackTeam "SSV Rotation Berlin e.V."]

1. e4 c5 2. Nf3 a6 3. d4 cxd4 4. Nxd4 Nf6 5. Nc3 e5 6. Nb3 Bb4 7. f3 d5 8. exd5
Nxd5 9. Bd2 Nxc3 10. Bxc3 Qxd1+ 11. Rxd1 Bxc3+ 12. bxc3 Bf5 13. Bd3 Bd7 14. O-O
O-O 15. Nc5 Bc6 16. Rfe1 b6 17. Na4 Bxa4 18. Rxe5 Nd7 19. Rd5 Nc5 20. Rb1 Nxd3
21. cxd3 b5 22. d4 Rad8 23. Rxd8 Rxd8 24. Rc1 Kf8 25. Kf2 b4 26. Ke3 bxc3 27.
Rxc3 Ke7 28. Rd3 Kd6 29. Rd2 Rc8 30. Ke4 Rc2 31. Rxc2 Bxc2+ 32. Ke3 Kd5 33. g4
a5 34. f4 a4 35. a3 Bd1 36. g5 Bc2 37. Kd2 Bb3 38. Kd3 Bc4+ 39. Kc3 Bb3 40. Kd3
f5 41. h3 Bd1 42. h4 Bf3 43. Kc3 Be4 44. Kb4 Kxd4 45. Kxa4 Ke3 46. Kb5 Kxf4 47.
a4 Kg3 48. a5 f4 49. a6 Bd3+ 50. Kb6 Bxa6 51. Kxa6 f3 52. h5 f2 0-1

[Event "Lichtenberger Sommer 2024"]
[Site "Berlin"]
[Date "2024.08.11"]
[Round "2.85"]
[White "Dittrich, Hans-Jürgen"]
[Black "Mazurtsova, Margarita"]
[Result "0-1"]
[WhiteElo "1573"]
[BlackElo "1792"]
[PlyCount "40"]
[EventDate "2024.08.10"]
[WhiteTeam "SC Eintracht Berlin e.V."]
[BlackTeam "SC Kreuzberg e.V."]

1. d4 d5 2. Nf3 Nf6 3. Bf4 e6 4. e3 Bd6 5. Bg3 O-O 6. c3 c5 7. Be2 Nc6 8. dxc5
Bxc5 9. Ne5 Nxe5 10. Bxe5 Bd6 11. Bxd6 Qxd6 12. c4 Qb6 13. Qd4 Qxd4 14. exd4
dxc4 15. Bxc4 Rd8 16. Nd2 Rxd4 17. O-O-O Bd7 18. b3 b5 19. Nf3 Rxd1+ 20. Rxd1
bxc4 0-1

[Event "Lichtenberger Sommer 2024"]
[Site "Berlin"]
[Date "2024.08.11"]
[Round "2.86"]
[White "Becker, Werner"]
[Black "Eroglu, Ilgin Deniz"]
[Result "0-1"]
[WhiteElo "1788"]
[BlackElo "1472"]
[PlyCount "110"]
[EventDate "2024.08.10"]
[WhiteTeam "SC Rochade e.V."]
[BlackTeam "Sampiyon Mersin"]

1. Nf3 d5 2. d4 e6 3. Bf4 Nf6 4. c3 Nbd7 5. e3 c5 6. Nbd2 Be7 7. h3 O-O 8. Bd3
b6 9. e4 Bb7 10. Qe2 cxd4 11. cxd4 dxe4 12. Nxe4 Nxe4 13. Bxe4 Bxe4 14. Qxe4
Nf6 15. Qe2 Nd5 16. Bd2 Nb4 17. Bc3 Rc8 18. O-O Nd5 19. Rac1 Rc7 20. Bd2 Bf6
21. Ne5 Bxe5 22. dxe5 Qd7 23. Rxc7 Qxc7 24. Rc1 Qd7 25. Rc4 Qb5 26. b3 Qa6 27.
a4 Rc8 28. Rxc8+ Qxc8 29. Qe4 h6 30. Kh2 Qc5 31. Qg4 Kh8 32. Qf3 Kg8 33. Qg3
Kh8 34. Qf3 Qd4 35. Qe2 Nc3 36. Qe3 Qxe3 37. Bxe3 Kh7 38. g4 Nd5 39. Kg3 Kg6
40. Bd2 a6 41. f4 f5 42. h4 fxg4 43. Kxg4 h5+ 44. Kf3 Kf5 45. Bc1 Ne7 46. Ba3
Ng6 47. Bc1 Nxh4+ 48. Kg3 Ng6 49. Kf3 h4 50. Be3 b5 51. a5 h3 52. Kg3 Nxf4 53.
Bd2 g5 54. Bxf4 gxf4+ 55. Kxh3 Kxe5 0-1

[Event "Lichtenberger Sommer 2024"]
[Site "Berlin"]
[Date "2024.08.11"]
[Round "2.87"]
[White "Ali, Maha"]
[Black "Stein, Siegfried"]
[Result "1/2-1/2"]
[WhiteElo "1527"]
[BlackElo "1783"]
[PlyCount "87"]
[EventDate "2024.08.10"]
[WhiteTeam "SC Kreuzberg e.V."]
[BlackTeam "SV Berolina Mitte e.V."]

1. d4 Nf6 2. c4 g6 3. Nc3 Bg7 4. e4 d6 5. Be2 O-O 6. Be3 c5 7. h4 cxd4 8. Bxd4
Nc6 9. Be3 h5 10. Qd2 Ng4 11. Bxg4 Bxg4 12. f3 Be6 13. Nd5 Ne5 14. Rc1 Kh7 15.
Nh3 f6 16. Nhf4 Bf7 17. Ne2 b6 18. Nd4 Rc8 19. b3 e6 20. Nf4 Qe7 21. Nb5 Rfd8
22. Rd1 Bf8 23. Nd3 Nxd3+ 24. Qxd3 d5 25. cxd5 exd5 26. exd5 Rxd5 27. Nd4 Bh6
28. Kf2 Bxe3+ 29. Qxe3 Qa3 30. Rd2 Re8 31. Qc3 Qd6 32. Rhd1 Qh2 33. Ne2 Qxh4+
34. Kf1 Rde5 35. Qc7 R8e7 36. Qd6 Kg7 37. Qd4 Qh2 38. Ng1 Qg3 39. Ne2 Qh2 40.
Ng1 Rd5 41. Qb4 Rxd2 42. Rxd2 Qe5 43. Re2 Qa1+ 44. Qe1 1/2-1/2

[Event "Lichtenberger Sommer 2024"]
[Site "Berlin"]
[Date "2024.08.11"]
[Round "2.88"]
[White "Romanotto, Leonardo"]
[Black "Uhlenbrock, Sven"]
[Result "0-1"]
[WhiteElo "1499"]
[BlackElo "1780"]
[PlyCount "77"]
[EventDate "2024.08.10"]
[WhiteTeam "SV Mattnetz Berlin e.V."]
[BlackTeam "vereinslos"]

1. e4 d6 2. f4 e5 3. d3 Nf6 4. Nf3 Nbd7 5. Nc3 c6 6. h3 Be7 7. a4 b6 8. f5 d5
9. g4 h6 10. Rg1 Bb7 11. exd5 cxd5 12. Qe2 d4 13. Nb5 a6 14. Na3 O-O 15. Bd2
Re8 16. g5 hxg5 17. Bxg5 Nd5 18. Bxe7 Qxe7 19. Qg2 Qf6 20. Nc4 e4 21. dxe4
Rxe4+ 22. Kd2 Ne3 23. Nxe3 Rxe3 24. Be2 Rae8 25. Bd1 Ne5 26. Rf1 Nc4+ 27. Kc1
d3 28. Ra2 d2+ 29. Kb1 Re1 30. Qf2 Bxf3 31. Qxf3 Rxf1 32. Qxf1 Re1 33. Qf3 Qxf5
34. Ra3 Qxf3 35. Rxf3 Rxd1+ 36. Ka2 Rc1 37. Rd3 d1=Q 38. Rxd1 Rxd1 39. Kb3 0-1

[Event "Lichtenberger Sommer 2024"]
[Site "Berlin"]
[Date "2024.08.11"]
[Round "2.89"]
[White "Buehring, Stefan"]
[Black "Runge, David Pascal"]
[Result "0-1"]
[WhiteElo "1780"]
[BlackElo "1448"]
[PlyCount "86"]
[EventDate "2024.08.10"]

1. d4 d5 2. Nf3 Nf6 3. c3 e6 4. Bf4 c5 5. e3 Bd6 6. Bg3 Qc7 7. dxc5 Qxc5 8.
Nbd2 O-O 9. Bd3 Re8 10. Bxd6 Qxd6 11. O-O Nc6 12. Qe2 Bd7 13. e4 Ne5 14. Nxe5
Qxe5 15. Nf3 Qh5 16. e5 Ng4 17. h3 Nh6 18. Rfe1 Bc6 19. Rad1 Rad8 20. Bb1 Nf5
21. g4 Qxh3 22. gxf5 Qg4+ 23. Kh1 Qh3+ 24. Nh2 d4+ 25. f3 exf5 26. cxd4 Bd5 27.
Qg2 Qh5 28. Kg1 Re6 29. Kf2 Rg6 30. Qh1 Qh4+ 31. Ke2 Bc4+ 32. Bd3 Qxd4 33. Bxc4
Qxc4+ 34. Kf2 Qh4+ 35. Ke2 Qc4+ 36. Kf2 Rc8 37. Rc1 Qd4+ 38. Kf1 Rxc1 39. Rxc1
Qd3+ 40. Ke1 Qe3+ 41. Kd1 Rg1+ 42. Nf1 Qxc1+ 43. Kxc1 Rxh1 0-1

[Event "Lichtenberger Sommer 2024"]
[Site "Berlin"]
[Date "2024.08.11"]
[Round "2.90"]
[White "Lippert, Marc"]
[Black "Wahner, Eberhard"]
[Result "1/2-1/2"]
[WhiteElo "1450"]
[BlackElo "1775"]
[PlyCount "62"]
[EventDate "2024.08.10"]
[WhiteTeam "SVG Läufer Reinickendorf e.V."]
[BlackTeam "SC Eintracht Berlin e.V."]

1. e4 e6 2. d4 d5 3. exd5 exd5 4. Bd3 Bd6 5. Nf3 Nc6 6. c3 Nge7 7. O-O O-O 8.
Be3 Bg4 9. Nbd2 Qd7 10. Qb3 Nf5 11. Rfe1 Nxe3 12. Rxe3 Na5 13. Qc2 g6 14. Ne5
Bxe5 15. Rxe5 Nc6 16. Bb5 a6 17. Bxc6 Qxc6 18. Qb3 Be6 19. Rae1 b5 20. Nf3 h6
21. h3 Rae8 22. R5e3 Kg7 23. Ne5 Qd6 24. Nf3 Qd8 25. Qd1 Qd7 26. Ne5 Qc8 27.
Nd3 a5 28. Nc5 Bf5 29. Qe2 Rxe3 30. Qxe3 h5 31. Qe5+ Kg8 1/2-1/2

[Event "Lichtenberger Sommer 2024"]
[Site "Berlin"]
[Date "2024.08.11"]
[Round "2.91"]
[White "Vaz da Cruz, Vinicius"]
[Black "Cox, Johannes"]
[Result "0-1"]
[WhiteElo "1768"]
[BlackElo "1400"]
[PlyCount "44"]
[EventDate "2024.08.10"]
[WhiteTeam "SSV Rotation Berlin e.V."]
[BlackTeam "vereinslos"]

1. e4 c5 2. c3 Nf6 3. e5 Nd5 4. d4 cxd4 5. cxd4 Nc6 6. Nf3 d6 7. Bc4 e6 8. exd6
Qxd6 9. O-O Be7 10. Nc3 O-O 11. a3 Rd8 12. Ne4 Qc7 13. Bb3 Nf6 14. Re1 Nxd4 15.
Nxd4 e5 16. Ng5 Rxd4 17. Bxf7+ Kf8 18. Qb3 Qd6 19. Be3 Rd3 20. Qc4 b5 21. Qxd3
Qxd3 22. Rad1 Qf5 0-1